[Event "CP-2019-S-00002"]
[Site "LSS email"]
[Date "2019.02.09"]
[Round "?"]
[White "Mashchenko, Vladimir"]
[Black "Muniz Pardino, Alberto"]
[Result "1/2-1/2"]
[WhiteElo "2362"]
[BlackElo "2279"]
[PlyCount "100"]
[EventDate "2019.02.15"]
[EventType "tourn (corr)"]
[EventRounds "7"]
[EventCountry "GER"]
[SourceTitle "Corr 2022"]
[Source "ChessBase"]
[SourceDate "2021.10.24"]
[SourceVersion "1"]
[SourceVersionDate "2021.10.24"]
[SourceQuality "1"]

1. e4 e5 2. Nf3 Nc6 3. Bb5 a6 4. Ba4 Nf6 5. 0-0 Be7 6. Re1 b5 7. Bb3 0-0 8. c3 d6 9. h3 Nb8 10. d4 Nbd7 11. Nbd2 Bb7 12. Bc2 Re8 13. Nf1 Bf8 14. Ng3 g6 15. a4 c5 16. d5 c4 17. Bg5 Nc5 18. Qd2 Be7 19. Bh6 Nfd7 20. Nh2 Nxa4 21. Bxa4 bxa4 22. Rxa4 a5 23. Ng4 Ba6 24. f4 Nc5 25. Raa1 Bc8 26. f5 Nb3 27. Qf2 Bh4 28. Rab1 Nc5 29. Qe3 f6 30. Qf3 Rb8 31. fxg6 hxg6 32. Rf1 Kh7 33. Be3 Kg7 34. Bxc5 dxc5 35. Ne3 a4 36. Ra1 Bd7 37. Nxc4 Bb5 38. Ne3 Rh8 39. Rfb1 c4 40. Ngf1 Bg5 41. Qf2 Qc7 42. Nd2 Bd7 43. Nf3 Bf4 44. Ra2 g5 45. Re1 Qc8 46. Re2 Kf7 47. Ra1 Ra8 48. Rae1 a3 49. bxa3 Rxa3 50. Nd2 Rxc3 1/2-1/2

[Event "CP-2019-S-00002"]
[Site "LSS email"]
[Date "2019.02.09"]
[Round "?"]
[White "Mashchenko, Vladimir"]
[Black "Schroeder, Christoph"]
[Result "1-0"]
[WhiteElo "2362"]
[BlackElo "2326"]
[PlyCount "97"]
[EventDate "2019.02.15"]
[EventType "tourn (corr)"]
[EventRounds "7"]
[EventCountry "GER"]
[SourceTitle "Corr 2022"]
[Source "ChessBase"]
[SourceDate "2021.10.24"]
[SourceVersion "1"]
[SourceVersionDate "2021.10.24"]
[SourceQuality "1"]

1. e4 e5 2. Nf3 d6 3. d4 exd4 4. Nxd4 Nf6 5. Nc3 Be7 6. g3 Nc6 7. Nxc6 bxc6 8. Bg2 0-0 9. 0-0 Nd7 10. b3 Bf6 11. Bb2 Rb8 12. Qd2 c5 13. Na4 Bxb2 14. Nxb2 Re8 15. Rad1 Bb7 16. Rfe1 h6 17. Nc4 Qf6 18. Qa5 Nb6 19. Nd2 a6 20. c4 Qg6 21. Re3 Re7 22. Rde1 Rbe8 23. h3 Qe6 24. Nb1 Bc6 25. Nc3 Qc8 26. Kh2 Nd7 27. Nd5 Bxd5 28. cxd5 Qb7 29. a3 f5 30. Qd2 fxe4 31. Bxe4 Kf8 32. Kg2 Nf6 33. Bf3 Rxe3 34. Rxe3 Rxe3 35. Qxe3 Qb5 36. Be2 Qb7 37. Qd3 Qxd5+ 38. Qxd5 Nxd5 39. Bxa6 Ne7 40. Bb7 Ke8 41. g4 Kd7 42. f4 c6 43. Ba6 Nd5 44. Kf3 g5 45. fxg5 hxg5 46. a4 Kc7 47. h4 gxh4 48. g5 Kb6 49. Bd3 1-0

[Event "CP-2019-S-00002"]
[Site "LSS email"]
[Date "2019.02.09"]
[Round "?"]
[White "Mashchenko, Vladimir"]
[Black "Szczepanski, Zbigniew"]
[Result "1/2-1/2"]
[WhiteElo "2362"]
[BlackElo "2436"]
[PlyCount "52"]
[EventDate "2019.02.15"]
[EventType "tourn (corr)"]
[EventRounds "7"]
[EventCountry "GER"]
[SourceTitle "Corr 2022"]
[Source "ChessBase"]
[SourceDate "2021.10.24"]
[SourceVersion "1"]
[SourceVersionDate "2021.10.24"]
[SourceQuality "1"]

1. e4 e5 2. Nf3 Nc6 3. Bb5 Nf6 4. d3 Bc5 5. c3 d5 6. exd5 Qxd5 7. Bc4 Qd6 8. 0-0 e4 9. Qe2 0-0 10. dxe4 Bg4 11. e5 Bxf3 12. exd6 Bxe2 13. Bxe2 cxd6 14. Nd2 Rfe8 15. Bf3 d5 16. Nb3 Bb6 17. Bf4 h6 18. h3 a5 19. a4 Ne4 20. Rad1 Rad8 21. g4 Kh7 22. Kg2 g6 23. Rde1 f5 24. Bd1 g5 25. Be3 Bxe3 26. Rxe3 f4 1/2-1/2

[Event "WC-2018-Q-00001"]
[Site "LSS email"]
[Date "2018.09.16"]
[Round "?"]
[White "Corti, Horacio"]
[Black "Mashchenko, Vladimir"]
[Result "1/2-1/2"]
[WhiteElo "2292"]
[BlackElo "2364"]
[PlyCount "29"]
[EventDate "2018.09.22"]
[EventType "tourn (corr)"]
[EventRounds "12"]
[EventCountry "GER"]
[SourceTitle "Corr 2022"]
[Source "ChessBase"]
[SourceDate "2021.10.24"]
[SourceVersion "1"]
[SourceVersionDate "2021.10.24"]
[SourceQuality "1"]

1. Nf3 e6 2. d4 d5 3. Bf4 Nf6 4. e3 c5 5. c3 Nc6 6. Nbd2 Bd6 7. Bg3 0-0 8. Bd3 b6 9. Ne5 Bb7 10. 0-0 Qc7 11. Nxc6 Bxg3 12. fxg3 Bxc6 13. Rxf6 gxf6 14. Qh5 f5 15. Qg5+ 1/2-1/2

[Event "WC-2018-Q-00001"]
[Site "LSS email"]
[Date "2018.09.16"]
[Round "?"]
[White "Fuzishawa, Richard"]
[Black "Mashchenko, Vladimir"]
[Result "1/2-1/2"]
[WhiteElo "2318"]
[BlackElo "2364"]
[PlyCount "77"]
[EventDate "2018.09.22"]
[EventType "tourn (corr)"]
[EventRounds "12"]
[EventCountry "GER"]
[SourceTitle "Corr 2022"]
[Source "ChessBase"]
[SourceDate "2021.10.24"]
[SourceVersion "1"]
[SourceVersionDate "2021.10.24"]
[SourceQuality "1"]

1. d4 Nf6 2. c4 e6 3. Nf3 d5 4. Nc3 c6 5. e3 Nbd7 6. Qc2 Bd6 7. Be2 dxc4 8. a4 0-0 9. 0-0 b6 10. e4 e5 11. Bxc4 exd4 12. Nxd4 Ne5 13. Be2 Neg4 14. Nf3 Ne5 15. Rd1 Nxf3+ 16. Bxf3 Qe7 17. a5 Rb8 18. g3 Ng4 19. axb6 axb6 20. h3 Ne5 21. Bg2 Be6 22. Kh2 f6 23. f4 Nc4 24. Ne2 Bc5 25. Nd4 Bxd4 26. Rxd4 Na5 27. Rd3 c5 28. Be3 h6 29. Qc3 Bf7 30. Rad1 Rfd8 31. Rxd8+ Rxd8 32. Rxd8+ Qxd8 33. b4 cxb4 34. Qxb4 Nc4 35. Bf2 Kh7 36. Bg1 Qd3 37. Bxb6 Bg6 38. f5 Be8 39. Qc5 1/2-1/2

[Event "WC-2018-Q-00001"]
[Site "LSS email"]
[Date "2018.09.16"]
[Round "?"]
[White "Lehnhoff, Heinz Georg"]
[Black "Mashchenko, Vladimir"]
[Result "1/2-1/2"]
[WhiteElo "2324"]
[BlackElo "2364"]
[PlyCount "45"]
[EventDate "2018.09.22"]
[EventType "tourn (corr)"]
[EventRounds "12"]
[EventCountry "GER"]
[SourceTitle "Corr 2022"]
[Source "ChessBase"]
[SourceDate "2021.10.24"]
[SourceVersion "1"]
[SourceVersionDate "2021.10.24"]
[SourceQuality "1"]

1. d4 Nf6 2. c4 e6 3. Nf3 d5 4. g3 Bb4+ 5. Bd2 Be7 6. Bg2 0-0 7. 0-0 c6 8. Qc2 b6 9. Rd1 Nbd7 10. Bf4 Bb7 11. Ne5 Nh5 12. Bd2 Nhf6 13. cxd5 cxd5 14. Nc6 Bxc6 15. Qxc6 Qc8 16. Qxc8 Rfxc8 17. Nc3 a6 18. e4 dxe4 19. Nxe4 Nd5 20. Nc3 N7f6 21. Rac1 h6 22. Kf1 Rab8 23. Nxd5 1/2-1/2

[Event "WC-2018-Q-00001"]
[Site "LSS email"]
[Date "2018.09.16"]
[Round "?"]
[White "Mashchenko, Vladimir"]
[Black "Corti, Horacio"]
[Result "1/2-1/2"]
[WhiteElo "2364"]
[BlackElo "2292"]
[PlyCount "84"]
[EventDate "2018.09.22"]
[EventType "tourn (corr)"]
[EventRounds "12"]
[EventCountry "GER"]
[SourceTitle "Corr 2022"]
[Source "ChessBase"]
[SourceDate "2021.10.24"]
[SourceVersion "1"]
[SourceVersionDate "2021.10.24"]
[SourceQuality "1"]

1. e4 e5 2. Nf3 Nc6 3. Bb5 a6 4. Ba4 Nf6 5. 0-0 b5 6. Bb3 Be7 7. d4 d6 8. dxe5 dxe5 9. Qxd8+ Bxd8 10. a4 Rb8 11. Nc3 0-0 12. axb5 axb5 13. Be3 Be7 14. Nd5 Bd6 15. Nxf6+ gxf6 16. Rfd1 Be6 17. Bxe6 fxe6 18. c3 Ra8 19. b4 Kf7 20. Kf1 f5 21. Ke2 Rg8 22. g3 Kf6 23. h4 h5 24. Bg5+ Kf7 25. Nd2 Kg6 26. Re1 Rge8 27. Kd3 Reb8 28. Nf3 Kf7 29. Nd2 Be7 30. Ke3 Bd6 31. Ke2 Kg7 32. Red1 Kf7 33. Nf3 Kg7 34. Kd3 Kf7 35. Rg1 Rf8 36. Ke2 Rfb8 37. Kd3 Ke8 38. Kc2 Kf7 39. Rgd1 Rg8 40. Kd3 Rgb8 41. Kc2 Rg8 42. Kd3 Rgb8 1/2-1/2

[Event "SA-2018-0-00644"]
[Site "LSS email"]
[Date "2018.08.15"]
[Round "?"]
[White "Mashchenko, Vladimir"]
[Black "Van Dijk, Erik"]
[Result "1-0"]
[WhiteElo "2376"]
[BlackElo "2163"]
[PlyCount "99"]
[EventDate "2018.07.19"]
[EventType "tourn (corr)"]
[EventRounds "6"]
[EventCountry "GER"]
[SourceTitle "Corr 2022"]
[Source "ChessBase"]
[SourceDate "2021.10.24"]
[SourceVersion "1"]
[SourceVersionDate "2021.10.24"]
[SourceQuality "1"]

1. e4 c5 2. Nf3 d6 3. d4 cxd4 4. Nxd4 Nf6 5. Nc3 a6 6. h3 e5 7. Nde2 h5 8. g3 Be6 9. Bg2 b5 10. 0-0 Nbd7 11. Be3 Be7 12. Nd5 Nxd5 13. exd5 Bf5 14. f4 Rc8 15. c3 g6 16. Qd2 b4 17. fxe5 bxc3 18. bxc3 dxe5 19. d6 Bf6 20. Rad1 Be6 21. Bd5 Bxh3 22. c4 Bxf1 23. Rxf1 0-0 24. Nc3 Qa5 25. Qd3 e4 26. Nxe4 Bg7 27. c5 Ne5 28. Qd2 Qb5 29. Bd4 Ng4 30. Re1 Rce8 31. Qc3 Bxd4+ 32. Qxd4 Kh7 33. a4 Qa5 34. Rd1 Kh6 35. d7 Re7 36. c6 Rd8 37. Qc5 Qxa4 38. Qc1+ Kg7 39. Nc5 Re1+ 40. Rxe1 Qd4+ 41. Kh1 Qxd5+ 42. Ne4 Nf2+ 43. Kg1 Nxe4 44. c7 Qd4+ 45. Qe3 Qxd7 46. cxd8Q Qxd8 47. Qxe4 g5 48. Kh2 Qb6 49. Qe3 Qb5 50. Qe5+ 1-0

[Event "WC-2018-P-00006"]
[Site "LSS email"]
[Date "2018.01.22"]
[Round "?"]
[White "Mashchenko, Vladimir"]
[Black "Bordenave, Roberto"]
[Result "1-0"]
[WhiteElo "2349"]
[BlackElo "1981"]
[PlyCount "115"]
[EventDate "2018.02.01"]
[EventType "tourn (corr)"]
[EventRounds "12"]
[EventCountry "GER"]
[SourceTitle "Corr 2022"]
[Source "ChessBase"]
[SourceDate "2021.10.24"]
[SourceVersion "1"]
[SourceVersionDate "2021.10.24"]
[SourceQuality "1"]

1. e4 c5 2. Nf3 d6 3. d4 cxd4 4. Nxd4 Nf6 5. Nc3 a6 6. Be3 e5 7. Nb3 Be6 8. Be2 Nbd7 9. f4 exf4 10. Bxf4 Ne5 11. Qd4 Be7 12. 0-0-0 Qb8 13. h3 b5 14. g4 0-0 15. g5 Nfd7 16. Nd5 Bxd5 17. exd5 Bd8 18. Qd2 Bb6 19. Kb1 f6 20. h4 Qc7 21. Rhf1 Rae8 22. Qb4 Nc5 23. Nd4 fxg5 24. hxg5 Qd7 25. a4 Ng6 26. Bc1 Rxf1 27. Rxf1 Qh3 28. Ne6 Qg2 29. Re1 Nxe6 30. dxe6 Bf2 31. Rf1 Be3 32. Bd3 Bxc1 33. Rxc1 Qd5 34. axb5 axb5 35. Qxb5 Qxb5 36. Bxb5 Rb8 37. Bc4 Ne7 38. Rd1 Rb6 39. Bb3 Ra6 40. c4 g6 41. Rf1 Nf5 42. Bc2 Kf8 43. Bxf5 gxf5 44. Rxf5+ Ke7 45. Rf7+ Kxe6 46. Rxh7 Rc6 47. b3 Rc5 48. g6 Rg5 49. g7 Rg4 50. Kb2 Kf7 51. Kc3 Rg6 52. c5 dxc5 53. g8Q+ Kxg8 54. Rc7 Kf8 55. Kc4 Ke8 56. Rxc5 Kd7 57. Kb5 Rg8 58. Ka6 1-0

[Event "WC-2018-P-00006"]
[Site "LSS email"]
[Date "2018.01.22"]
[Round "?"]
[White "Mashchenko, Vladimir"]
[Black "Schubert, Steffen"]
[Result "1-0"]
[WhiteElo "2349"]
[BlackElo "1930"]
[PlyCount "41"]
[EventDate "2018.02.01"]
[EventType "tourn (corr)"]
[EventRounds "12"]
[EventCountry "GER"]
[SourceTitle "Corr 2022"]
[Source "ChessBase"]
[SourceDate "2021.10.24"]
[SourceVersion "1"]
[SourceVersionDate "2021.10.24"]
[SourceQuality "1"]

1. d4 Nf6 2. c4 e6 3. Nf3 d5 4. Nc3 Be7 5. Bf4 0-0 6. e3 Nbd7 7. a3 dxc4 8. Bxc4 Nb6 9. Bd3 Nbd5 10. Be5 Nxc3 11. bxc3 g6 12. Qb1 Bd6 13. h4 Qe7 14. h5 Bxe5 15. dxe5 Nxh5 16. g4 Ng7 17. Ke2 Rd8 18. Rh6 f5 19. Qb4 c5 20. Qf4 b6 21. Rah1 1-0

[Event "WC-2018-P-00006"]
[Site "LSS email"]
[Date "2018.01.22"]
[Round "?"]
[White "Schubert, Steffen"]
[Black "Mashchenko, Vladimir"]
[Result "0-1"]
[WhiteElo "1930"]
[BlackElo "2349"]
[PlyCount "78"]
[EventDate "2018.02.01"]
[EventType "tourn (corr)"]
[EventRounds "12"]
[EventCountry "GER"]
[SourceTitle "Corr 2022"]
[Source "ChessBase"]
[SourceDate "2021.10.24"]
[SourceVersion "1"]
[SourceVersionDate "2021.10.24"]
[SourceQuality "1"]

1. e4 c5 2. Nf3 Nc6 3. d4 cxd4 4. Nxd4 Nf6 5. Nc3 d6 6. Bg5 e6 7. Qd2 Be7 8. 0-0-0 0-0 9. Kb1 Nxd4 10. Qxd4 Nxe4 11. Nxe4 Bxg5 12. Nxd6 Bf6 13. Qc5 b6 14. Qh5 Qe7 15. Qf3 Bd7 16. Qe4 g6 17. Be2 Bg7 18. Rd2 b5 19. f4 Rab8 20. g4 Rb6 21. Rhd1 h6 22. Qe3 Bc6 23. g5 Qc7 24. h4 h5 25. Ne4 Bxe4 26. Qxe4 Ra6 27. Qb4 Ra4 28. Qxb5 Re4 29. f5 exf5 30. Bf3 Rxh4 31. Rd7 Qg3 32. Qb3 Qxg5 33. Rxa7 Rh3 34. a4 Qf6 35. Rf1 g5 36. Qb5 f4 37. Rb7 Rxf3 38. Rxf3 g4 39. Rb6 Qe5 0-1

[Event "CP-2017-P-00033"]
[Site "LSS email"]
[Date "2017.09.27"]
[Round "?"]
[White "Hoeppenstein, Michael"]
[Black "Mashchenko, Vladimir"]
[Result "1/2-1/2"]
[WhiteElo "2421"]
[BlackElo "2343"]
[PlyCount "62"]
[EventDate "2017.10.01"]
[EventType "tourn (corr)"]
[EventRounds "6"]
[EventCountry "GER"]
[SourceTitle "Corr 2022"]
[Source "ChessBase"]
[SourceDate "2021.10.24"]
[SourceVersion "1"]
[SourceVersionDate "2021.10.24"]
[SourceQuality "1"]

1. d4 d5 2. c4 e6 3. Nf3 Nf6 4. Nc3 c6 5. Bg5 h6 6. Bh4 dxc4 7. e4 g5 8. Bg3 b5 9. Be2 Bb7 10. h4 g4 11. Ne5 Nbd7 12. Nxd7 Qxd7 13. Be5 Qe7 14. 0-0 Rg8 15. b3 b4 16. Na4 Nd7 17. Bg3 c3 18. a3 a5 19. Qc1 h5 20. Rd1 Rg6 21. e5 Bh6 22. Qc2 Rg8 23. Nc5 Nxc5 24. dxc5 Bd2 25. axb4 axb4 26. Rxa8+ Bxa8 27. Ra1 Bb7 28. Ra7 Rh8 29. Bd1 Kd8 30. Qa2 Qc7 31. Qa4 c2 1/2-1/2

[Event "WC-2017-S-00004"]
[Site "LSS email"]
[Date "2017.05.17"]
[Round "?"]
[White "Khanas, VLerij"]
[Black "Mashchenko, Vladimir"]
[Result "1/2-1/2"]
[WhiteElo "2315"]
[BlackElo "2349"]
[PlyCount "63"]
[EventDate "2017.06.01"]
[EventType "tourn (corr)"]
[EventRounds "12"]
[EventCountry "GER"]
[SourceTitle "Corr 2024"]
[Source "ChessBase"]
[SourceDate "2023.10.19"]
[SourceVersion "1"]
[SourceVersionDate "2023.10.19"]
[SourceQuality "1"]

1. d4 d5 2. c4 e6 3. Nc3 c6 4. e4 dxe4 5. Nxe4 Bb4+ 6. Bd2 Qxd4 7. Bxb4 Qxe4+ 8. Be2 Na6 9. Ba5 b6 10. Qd6 Bd7 11. Bc3 f6 12. Nf3 Nc5 13. Bb4 Ne7 14. Bxc5 bxc5 15. Rd1 Rd8 16. Qxc5 Ng6 17. g3 e5 18. Qxa7 Bg4 19. Rxd8+ Kxd8 20. Qe3 Qb1+ 21. Bd1 Qxb2 22. 0-0 Bh3 23. Re1 Kc7 24. Qa7+ Qb7 25. Qa5+ Qb6 26. Qa3 Rb8 27. Be2 Qb2 28. Qa7+ Qb7 29. Qe3 Qa8 30. Rd1 Rd8 31. Rb1 Rb8 32. Rd1 1/2-1/2

[Event "WC-2017-S-00004"]
[Site "LSS email"]
[Date "2017.05.17"]
[Round "?"]
[White "Mashchenko, Vladimir"]
[Black "Fernandez, Javier Horacio"]
[Result "1/2-1/2"]
[WhiteElo "2349"]
[BlackElo "2305"]
[PlyCount "44"]
[EventDate "2017.06.01"]
[EventType "tourn (corr)"]
[EventRounds "12"]
[EventCountry "GER"]
[SourceTitle "Corr 2024"]
[Source "ChessBase"]
[SourceDate "2023.10.19"]
[SourceVersion "1"]
[SourceVersionDate "2023.10.19"]
[SourceQuality "1"]

1. d4 Nf6 2. c4 e6 3. Nf3 d5 4. Nc3 c6 5. Bg5 h6 6. Bh4 dxc4 7. e4 g5 8. Bg3 b5 9. Be2 Bb7 10. h4 g4 11. Ne5 Nbd7 12. Nxg4 b4 13. Nxf6+ Nxf6 14. Na4 Nxe4 15. Be5 Rg8 16. Bxc4 Bd6 17. Qh5 c5 18. Rd1 cxd4 19. Rxd4 Qc7 20. Bxd6 Nxd6 21. Bxe6 Bxg2 22. Rxd6 Bxh1 1/2-1/2

[Event "CP-2017-S-00004"]
[Site "LSS email"]
[Date "2017.02.06"]
[Round "?"]
[White "Domanov, Dmitry"]
[Black "Mashchenko, Vladimir"]
[Result "1/2-1/2"]
[WhiteElo "2512"]
[BlackElo "2336"]
[PlyCount "73"]
[EventDate "2017.02.12"]
[EventType "tourn (corr)"]
[EventRounds "7"]
[EventCountry "GER"]
[SourceTitle "Corr 2022"]
[Source "ChessBase"]
[SourceDate "2021.10.24"]
[SourceVersion "1"]
[SourceVersionDate "2021.10.24"]
[SourceQuality "1"]

1. e4 e5 2. Nf3 Nc6 3. Bb5 a6 4. Ba4 Nf6 5. 0-0 Be7 6. Re1 b5 7. Bb3 0-0 8. d3 d6 9. a3 Na5 10. Ba2 c5 11. h3 Nc6 12. Nbd2 Be6 13. Bxe6 fxe6 14. c3 Nd7 15. Nf1 Qe8 16. Ng3 c4 17. Be3 Na5 18. Rb1 Nb3 19. Nd2 Nxd2 20. Qxd2 cxd3 21. Qxd3 Nc5 22. Qc2 Qc6 23. Rbd1 a5 24. Rd2 a4 25. Bxc5 Qxc5 26. Qd3 Rf7 27. Ree2 g6 28. Nf1 Raf8 29. Nh2 Kg7 30. Nf3 h6 31. Re1 Qc4 32. Ree2 Rf4 33. Ne1 Qc5 34. Rc2 Qc4 35. Rcd2 R4f7 36. Qc2 g5 37. Nf3 1/2-1/2